Greatest Enemies of the United Kingdom - Statistics

General Stats
  • This quiz has been taken 61 times
  • The average score is 18 of 20
Answer Stats
Hint Enemy % Correct
England fought this country in a Hundred Years' War (and don't forget about Napoleon!) France
100%
...but then fought this country in Crimea together with the above Russia
98%
Kaiser and then Führer both fought Britain in World Wars Germany
96%
British flooded this country with opium to take Hong Kong China
94%
...but this country managed to take Singapore and Hong Kong during the WWII Japan
94%
Major sea power from which Britain took New Amsterdam Netherlands
94%
This country's Armada unsuccessfully invaded England Spain
94%
13 colonies have shown that they don't want to live under British United States
94%
In 1982, this country tried to capture Falklands Argentina
93%
And the Duce failed to capture the British Egypt Italy
93%
Britain (and Lord Byron) widely supported the liberation of Greece from this empire Ottoman Empire
93%
UK invaded this country to take control over the Suez canal Egypt
91%
As Churchill said, "The Iron Curtain has descended across the Europe" Soviet Union
91%
The British have also visited this Graveyard of Empires Afghanistan
89%
Tony Blair invaded this country together with USA (and don't forget Poland!) Iraq
89%
Easter Rising in 1916 lead to the independence movement in this country Ireland
89%
Robert the Bruce fought back against the English kings Scotland
83%
United Kingdom supported coup d'etat against PM Mossadek in this country Iran
76%
These Dutch-ancestry farmers didn't want to live under British Boers
70%
This country has claimed responsibility for the Lockerbie bombing Libya
69%
No matching quizzes found
Score Distribution
Percent of People with Each Score
Percentile by Number Answered
Your Score History
You have not taken this quiz